| 000 | 01051cab a2200313 4500 | ||
|---|---|---|---|
| 001 | ABS58907 | ||
| 008 | 090401t1998 xxu||||| |||| 00| 0 eng d | ||
| 035 | _a(Sirsi) u87274 | ||
| 041 | _aeng | ||
| 100 | _aExton, J. | ||
| 245 | _aBreak dancing | ||
| 260 | _c1998 | ||
| 350 | _a0 | ||
| 490 |
_aEstates Gazette _v(9826) 27 June 1998, 144-145(2) |
||
| 520 | _aReviews three legal decisions concerning the position of landlords agents in relation to the exercise of break clauses by tenants. Includes practical tips for agents handling break notices. | ||
| 650 | _aBREAK CLAUSES | ||
| 650 | _aDUN & BRADSTREET SOFTWARE SERVICES (ENGLAND) LTD AND ANOTHER V PROVIDE | ||
| 650 | _aHB PROPERTY DEVELOPMENTS LTD V SOS ENVIRONMENT | ||
| 650 | _aLANDLORD | ||
| 650 | _aLANDLORDS AGENT | ||
| 650 | _aLEMMERBELL LTD AND ANOTHER V BRITANNIA LAS DIRECT LTD | ||
| 650 | _aNOTICE | ||
| 650 | _aPENALTY RENT | ||
| 650 | _aTENANT | ||
| 650 | _aWAIVER | ||
| 690 | _aLANDLORD AND TENANT-BUSINESS TENANCIES | ||
| 942 | _n0 | ||
| 948 | _c08/07/1998 | ||
| 999 |
_c55038 _d55038 |
||